| 000 | 01500cam a2200253 4500 | ||
|---|---|---|---|
| 001 | ABS63267 | ||
| 008 | 000000n2000 000 0 eng u | ||
| 035 | _a(Sirsi) u109892 | ||
| 100 | _aFox, S | ||
| 245 | _aDesigns on construction | ||
| 260 | _c2000 | ||
| 490 |
_aArchitects' Journal _v212(19) 23 November 2000, 44(1) |
||
| 520 | _aConsiders the issue that building design and building production should be more integrated as highlighted by studies of the construction industy such as the 1998 Egan Report and argues that architects should have a better grasp of building production techniques by learning from manufacturing. Architects produce a wide range of designs, following the different categories of buildings - standard, custom, hybrid and/or bespoke buildings and therefore architects need to have a comprehensive knowledge of production techniques for these categories and an understanding of how these techniques interact. The article suggests that such a level of knowledge is unrealistic and suggests that building design methodologies should be introduced for use by architects, consulting engineers and building component designers. | ||
| 590 | _aABS | ||
| 650 | _aARCHITECTS | ||
| 650 | _aBUILDING COMPONENTS | ||
| 650 | _aBUILT ENVIRONMENT-CONSTRUCTION DESIGN | ||
| 650 | _aCONSTRUCTION PROCESS | ||
| 650 | _aPRODUCTION TECHNIQUES | ||
| 650 | _aMANUFACTURING INDUSTRY | ||
| 690 | _aBUILT ENVIRONMENT-CONSTRUCTION DESIGN | ||
| 700 | _aCockerham, G. | ||
| 942 | _n0 | ||
| 999 |
_c65560 _d65560 |
||